Standardized method of life cycle costing for construction procurement (Record no. 108527)

MARC details
000 -LEADER
fixed length control field 01908cam a22002895a 4500
001 - CONTROL NUMBER
control field E144517
008 - FIXED-LENGTH DATA ELEMENTS--GENERAL INFORMATION
fixed length control field 080724s2008 xxk f 000 0 eng d
020 ## - INTERNATIONAL STANDARD BOOK NUMBER
International Standard Book Number 9780580626623
035 ## - SYSTEM CONTROL NUMBER
System control number (Sirsi) u144517
041 0# - LANGUAGE CODE
Language code of text/sound track or separate title eng
050 04 - LIBRARY OF CONGRESS CALL NUMBER
Classification number 692.5 $2 18
110 2# - MAIN ENTRY--CORPORATE NAME
Corporate name or jurisdiction name as entry element British Standards Institution
9 (RLIN) 130
245 00 - TITLE STATEMENT
Title Standardized method of life cycle costing for construction procurement
Remainder of title a supplement to BS ISO 15686-5:2008 buildings and constructed assets - service life planning - part 5: life cycle costing
260 ## - PUBLICATION, DISTRIBUTION, ETC.
Place of publication, distribution, etc. London
Name of publisher, distributor, etc. BSI
Date of publication, distribution, etc. 2008
300 ## - PHYSICAL DESCRIPTION
Extent vii, 87p.
Dimensions 30cm.
505 2# - FORMATTED CONTENTS NOTE
Formatted contents note Introduction -- Guiding principles -- Life cycle cost data: structure and definitions -- Applications -- Metrics -- Risks and uncertainty -- Information and data assumptions -- Terms, definitions and abbreviations -- Annexes: menu of life cycle costs and whole life costs; BCIS standard form of cost analysis (SCFA) UK capital cost data structure; cost mapping the life cycle cost menu to BS ISO 15686-5 and to the international total occupancy cost (ITOC) codes; worked examples; example of a life cycle costing risk log; forms for life cycle costing analysis; sources of information
520 ## - SUMMARY, ETC.
Summary, etc. Offers a standardized method of life cycle costing which is relevant to the UK construction industry and the main stages of the procurement process. Sets out practical guidance and provides examples and process maps. Aims to remove confusion over scoping and terminology, as well as to deal with the uncertainty and risks which reduce confidence in life cycle costs.
521 ## - TARGET AUDIENCE NOTE
Target audience note Advanced
590 ## - LOCAL NOTE (RLIN)
Local note KA
650 24 - SUBJECT ADDED ENTRY--TOPICAL TERM
Topical term or geographic name entry element BCIS STANDARD FORM OF CAPITAL COST ANALYSIS
650 24 - SUBJECT ADDED ENTRY--TOPICAL TERM
Topical term or geographic name entry element BS ISO 15686-5
651 #4 - SUBJECT ADDED ENTRY--GEOGRAPHIC NAME
Geographic name United Kingdom
Chronological subdivision
690 ## - LOCAL SUBJECT ADDED ENTRY--TOPICAL TERM (OCLC, RLIN)
Topical term or geographic name as entry element MANAGEMENT-BUSINESS MANAGEMENT-COST MANAGEMENT-COST ANALYSIS-LIFE CYCLE COSTING
710 1# - ADDED ENTRY--CORPORATE NAME
Corporate name or jurisdiction name as entry element Building Cost Information Service
9 (RLIN) 1096
942 ## - ADDED ENTRY ELEMENTS (KOHA)
Suppress in OPAC 0
Holdings
Withdrawn status Lost status Source of classification or shelving scheme Damaged status Not for loan Home library Current library Shelving location Date acquired Total Checkouts Full call number Barcode Date last seen Copy number Price effective from Koha item type Date last checked out
          Archives Archives RICS Boxes 01/08/2008   RICS 2008/34 30074927 13/11/2024 2 06/08/2019 Reference material  
    Dewey Decimal Classification     London London RICS Boxes 01/08/2008   RICS 2008/34 30074926 06/08/2019 1 06/08/2019 Archive  
    Dewey Decimal Classification     London London RICS Boxes 01/08/2008 9 RICS 2008/34 30075961 06/08/2019 4 06/08/2019 Book 27/11/2009